[Event "Ct. Catalunya eq DH"]
[Site "?"]
[Date "2012.03.17"]
[Round "8.2"]
[White "Gonzalez Rodriguez, JA."]
[Black "Alonso Rosell, A."]
[Result "0-1"]
[WhiteElo "2389"]
[BlackElo "2513"]
[PlyCount "84"]
[EventDate "2012.??.??"]
[EventType "team"]
[EventRounds "11"]

1. b3 e5 2. Bb2 Nc6 3. Nf3 e4 4. Ne5 Nxe5 5. Bxe5 Nf6 6. e3 d5 7. d4 exd3 8.
cxd3 Bd6 9. Bb2 h5 10. h3 Bf5 11. Nd2 Qe7 12. Qc2 a5 13. Be2 h4 14. a3 c5 15.
a4 Rh6 16. Bf3 Kf8 17. O-O-O Be5 18. e4 Bxb2+ 19. Kxb2 Be6 20. Rhe1 d4 21. Rc1
Nd7 22. Bg4 Bxg4 23. hxg4 b5 24. Ra1 Rb6 25. axb5 Rxb5 26. Ra3 Ne5 27. f3 Qg5
28. Ka1 Rab8 29. Re2 Qf4 30. Kb2 Kg8 31. Kb1 Qh2 32. Kb2 h3 33. Nc4 Nxc4+ 34.
dxc4 Rb4 35. Ka2 a4 36. Rxa4 Rxb3 37. gxh3 Qxh3 38. Rf2 Rxf3 39. Rh2 Qxg4 40.
Rh8+ Kxh8 41. Qh2+ Qh3 42. Qxb8+ Kh7 0-1

[Event "Ct. Catalunya eq DH"]
[Site "?"]
[Date "2012.03.17"]
[Round "8.2"]
[White "Rios Gomez, CC."]
[Black "Alonso Garcia, R."]
[Result "0-1"]
[WhiteElo "2384"]
[BlackElo "2448"]
[PlyCount "80"]
[EventDate "2012.??.??"]
[EventType "team"]
[EventRounds "11"]

1. d4 Nf6 2. c4 g6 3. Nc3 d5 4. Nf3 Bg7 5. Qa4+ Bd7 6. Qb3 dxc4 7. Qxc4 O-O 8.
Bf4 Na6 9. e4 c5 10. d5 b5 11. Nxb5 Nxe4 12. Nc3 Nxc3 13. bxc3 e6 14. Rd1 Nc7
15. dxe6 Nxe6 16. Be5 Qe8 17. Be2 Ng5 18. Nxg5 Bxe5 19. O-O Qe7 20. Rfe1 Qxg5
21. Rxd7 Rad8 22. Rxa7 Qd2 23. Kf1 Qxc3 24. Qxc3 Bxc3 25. Rc1 Bd4 26. Bc4 Rb8
27. Rc2 Rb6 28. a4 Rf6 29. a5 Rb8 30. g3 Rb4 31. a6 Ra4 32. Kg2 Bxf2 33. Rc7
Bd4 34. a7 Kg7 35. Kh3 g5 36. Ra2 g4+ 37. Kxg4 Rxc4 38. Rc8 Bg1+ 39. Kh3 Rh6+
40. Kg2 Rxh2+ 0-1

[Event "Ct. Catalunya eq DH"]
[Site "?"]
[Date "2012.03.17"]
[Round "8.2"]
[White "Rodriguez Cespedes, A."]
[Black "Cuartas Medina, JA."]
[Result "1/2-1/2"]
[WhiteElo "2473"]
[BlackElo "2553"]
[PlyCount "104"]
[EventDate "2012.??.??"]
[EventType "team"]
[EventRounds "11"]

1. e4 c5 2. Nf3 Nc6 3. d4 cxd4 4. Nxd4 g6 5. c4 Bg7 6. Be3 Nf6 7. Nc3 O-O 8.
Be2 b6 9. O-O Bb7 10. f3 Qb8 11. Qd2 Rd8 12. Ndb5 d6 13. Rfd1 Rd7 14. Rac1 Qf8
15. Nd5 h5 16. Bf1 Kh7 17. Qf2 Rdd8 18. a3 Nd7 19. b4 Rac8 20. h3 e6 21. Ndc3
Nf6 22. c5 dxc5 23. bxc5 Ne8 24. cxb6 a6 25. Na7 Rxd1 26. Nxd1 Nxa7 27. bxa7
Rxc1 28. Bxc1 Qd6 29. Qc2 Bd4+ 30. Be3 Bxe3+ 31. Nxe3 Qd4 32. Qf2 Qxa7 33. Nc4
Qxf2+ 34. Kxf2 f6 35. e5 fxe5 36. Nxe5 g5 37. Nd7 Nc7 38. Ke3 Kg7 39. Kd4 Bc6
40. Nc5 Bb5 41. Bxb5 Nxb5+ 42. Ke5 Nxa3 43. Nxa6 Kf7 44. Nc5 Nc4+ 45. Kd4 Nd6
46. g4 hxg4 47. hxg4 Ke7 48. Ne4 Nf7 49. Kc5 Kd7 50. Kb6 Kd8 51. Kc5 Kd7 52.
Kb6 Kd8 1/2-1/2

[Event "Ct. Catalunya eq DH"]
[Site "?"]
[Date "2012.03.17"]
[Round "8.3"]
[White "Cuadras Avellana, J."]
[Black "Baron Isanta, JM."]
[Result "1/2-1/2"]
[WhiteElo "2383"]
[BlackElo "2403"]
[PlyCount "54"]
[EventDate "2012.??.??"]
[EventType "team"]
[EventRounds "11"]

1. e4 Nf6 2. e5 Nd5 3. d4 d6 4. Nf3 dxe5 5. Nxe5 c6 6. Bc4 Nd7 7. Nf3 N7f6 8.
O-O Bg4 9. Nbd2 e6 10. c3 Bd6 11. Bb3 O-O 12. Nc4 c5 13. Nce5 Bh5 14. Bg5 Qc7
15. Re1 b5 16. Qd2 a5 17. a3 Rfe8 18. h3 Bxf3 19. Nxf3 h6 20. dxc5 Qxc5 21. Be3
Nxe3 22. Qxe3 Qxe3 23. Rxe3 Red8 24. Rd1 Bc5 25. Rxd8+ Rxd8 26. Re5 Nd7 27. Re2
Nb6 1/2-1/2

[Event "Ct. Catalunya eq DH"]
[Site "?"]
[Date "2012.??.??"]
[Round "8.3"]
[White "Matnadze, A."]
[Black "Moskalenko, V."]
[Result "1/2-1/2"]
[WhiteElo "2498"]
[BlackElo "2579"]
[PlyCount "114"]
[EventDate "2012.??.??"]
[EventType "team"]
[EventRounds "11"]

1. e4 e6 2. f4 d5 3. e5 c5 4. Nf3 Nc6 5. Bb5 Nge7 6. O-O a6 7. Bxc6+ Nxc6 8.
Nc3 Be7 9. d3 O-O 10. Bd2 f5 11. exf6 Bxf6 12. Qe2 Nd4 13. Nxd4 Bxd4+ 14. Kh1
Qd6 15. Rae1 Bd7 16. Nd1 Rae8 17. c3 Bf6 18. Ne3 e5 19. Qf3 e4 20. dxe4 dxe4
21. Qf2 Bb5 22. Rg1 Qe6 23. a3 Be5 24. g3 Bc6 25. Qe2 Bc7 26. c4 b5 27. Rc1 Rd8
28. cxb5 Bxb5 29. Qf2 Bb6 30. f5 c4 31. g4 Qh6 32. Rce1 Rd3 33. Bc1 Bc7 34. Rg2
Qc6 35. g5 Bb6 36. f6 c3 37. bxc3 Rxc3 38. Qa2+ Bc4 39. Nxc4 Qxc4 40. Qxc4+
Rxc4 41. Bb2 e3 42. fxg7 Re8 43. Rge2 Rf4 44. Bf6 h6 45. Rg2 hxg5 46. Bxg5 Rf7
47. Bh6 Rf6 48. Bg5 Rf7 49. Bh6 Rf6 50. Bg5 Rfe6 51. Ree2 Kxg7 52. Bd8+ Kh6 53.
Bxb6 Rxb6 54. Rg3 Rb3 55. a4 Ra3 56. Kg2 a5 57. Rg4 Re5 1/2-1/2

[Event "Ct. Catalunya eq DH"]
[Site "?"]
[Date "2012.03.17"]
[Round "8.3"]
[White "Perez Mitjans, O."]
[Black "Borras Duran, P."]
[Result "1-0"]
[WhiteElo "2525"]
[BlackElo "2331"]
[PlyCount "73"]
[EventDate "2012.??.??"]
[EventType "team"]
[EventRounds "11"]

1. e4 g6 2. d4 Bg7 3. c4 d6 4. Nc3 Nc6 5. Be3 e5 6. Nge2 Nh6 7. f3 f5 8. d5 Ne7
9. Qd2 Nf7 10. Nc1 c5 11. Be2 O-O 12. a3 f4 13. Bf2 g5 14. b4 b6 15. Nd3 h5 16.
a4 Ng6 17. a5 Bd7 18. Nb5 g4 19. axb6 axb6 20. O-O Bf6 21. Rxa8 Qxa8 22. Qd1
Qc8 23. Na7 Qb7 24. Nc6 Bxc6 25. dxc6 Qxc6 26. fxg4 hxg4 27. Bxg4 Qxe4 28. Re1
Qxc4 29. Bf5 Ne7 30. Re4 Qd5 31. Qg4+ Bg7 32. Nxf4 Qb7 33. Nh5 Nxf5 34. Nf6+
Kh8 35. Qxf5 Qxe4 36. Nxe4 Nh6 37. Qg6 1-0

[Event "Ct. Catalunya eq DH"]
[Site "?"]
[Date "2012.03.17"]
[Round "8.3"]
[White "Pomes Marcet, J."]
[Black "Khaidorov, V."]
[Result "1-0"]
[WhiteElo "2407"]
[BlackElo "2350"]
[PlyCount "49"]
[EventDate "2012.??.??"]
[EventType "team"]
[EventRounds "11"]

1. d4 d5 2. c4 c6 3. Nf3 Nf6 4. Nc3 dxc4 5. a4 Bg4 6. Ne5 Nbd7 7. Nxg4 Nxg4 8.
e4 e5 9. Qxg4 exd4 10. Bd2 Nf6 11. Qf5 dxc3 12. Bxc3 Be7 13. Bxc4 O-O 14. Rd1
Qc7 15. Rd3 Rad8 16. Rg3 Qd7 17. Qf3 g6 18. O-O Ne8 19. Qf4 b5 20. axb5 cxb5
21. Bd5 b4 22. Bd4 Bd6 23. Rxg6+ hxg6 24. Qh6 Bxh2+ 25. Kh1 1-0

[Event "Ct. Catalunya eq DH"]
[Site "?"]
[Date "2012.03.17"]
[Round "8.3"]
[White "Vang Glud, J."]
[Black "Baches Garcia, G."]
[Result "1/2-1/2"]
[WhiteElo "2487"]
[BlackElo "2379"]
[PlyCount "38"]
[EventDate "2012.??.??"]
[EventType "team"]
[EventRounds "11"]

1. c4 e5 2. g3 Nf6 3. Bg2 d5 4. cxd5 Nxd5 5. Nf3 Nc6 6. O-O Nb6 7. d3 Be7 8.
Nbd2 O-O 9. a3 a5 10. b3 Be6 11. Bb2 f6 12. Qc2 Qd7 13. Rfd1 Rfd8 14. Rac1 Bf8
15. Qb1 Qf7 16. Nc4 Nd5 17. d4 exd4 18. Nxd4 Nxd4 19. Rxd4 b5 1/2-1/2

[Event "Ct. Catalunya eq DH"]
[Site "?"]
[Date "2012.03.17"]
[Round "8.4"]
[White "Barbero Sendic, A."]
[Black "Mellado Triviño, J."]
[Result "1/2-1/2"]
[WhiteElo "2343"]
[BlackElo "2435"]
[PlyCount "117"]
[EventDate "2012.??.??"]
[EventType "team"]
[EventRounds "11"]

1. e4 c5 2. Nf3 Nc6 3. d4 cxd4 4. Nxd4 e5 5. Nb5 a6 6. Nd6+ Bxd6 7. Qxd6 Qf6 8.
Qd1 Qg6 9. Nc3 d5 10. Nxd5 Qxe4+ 11. Ne3 Nf6 12. Bd3 Qh4 13. O-O e4 14. Bc4 O-O
15. Qd6 Rd8 16. Qc5 Be6 17. Bxe6 fxe6 18. b3 Rac8 19. Bb2 Nd5 20. Nxd5 Rxd5 21.
Qe3 Rcd8 22. Rae1 Rd2 23. Re2 Rxe2 24. Qxe2 Nd4 25. Qc4 b5 26. Qc7 Qf6 27. Bxd4
Qxd4 28. h3 e3 29. fxe3 Qxe3+ 30. Kh2 Rf8 31. Rxf8+ Kxf8 32. Qd8+ Kf7 33. Qd7+
Kf6 34. Qd8+ Kg6 35. Qd6 h5 36. c4 bxc4 37. bxc4 Kf5 38. Qf8+ Kg6 39. Qe8+ Kg5
40. h4+ Kf6 41. Qf8+ Kg6 42. Qe8+ Kf6 43. Qf8+ Kg6 44. Qd6 Kf5 45. Qc6 Kg4 46.
c5 Qc3 47. Kg1 Qe1+ 48. Kh2 Qxh4+ 49. Kg1 Qe1+ 50. Kh2 Qe5+ 51. Kg1 Qe3+ 52.
Kh2 Kf5 53. Qc8 Qf4+ 54. Kg1 Qd4+ 55. Kh2 Qf4+ 56. Kg1 Qe3+ 57. Kh2 Qf4+ 58.
Kg1 Qd4+ 59. Kh2 1/2-1/2

[Event "Ct. Catalunya eq DH"]
[Site "?"]
[Date "2012.03.17"]
[Round "8.4"]
[White "Farran Martos, J."]
[Black "Simon Padros, E."]
[Result "1/2-1/2"]
[WhiteElo "2306"]
[BlackElo "2310"]
[PlyCount "111"]
[EventDate "2012.??.??"]
[EventType "team"]
[EventRounds "11"]

1. e4 e6 2. d4 d5 3. e5 c5 4. c3 Nc6 5. Nf3 Bd7 6. Be2 Nge7 7. Na3 cxd4 8. cxd4
Nf5 9. Nc2 Qb6 10. O-O Na5 11. g4 Ne7 12. Nfe1 Bb5 13. Bxb5+ Qxb5 14. f4 Qd7
15. Nd3 Nac6 16. Nc5 Qc8 17. Be3 b6 18. Nd3 h5 19. h3 Qd7 20. Rc1 Rc8 21. Nf2
hxg4 22. hxg4 Ng6 23. Nh1 Qd8 24. Qe1 Qh4 25. Qxh4 Rxh4 26. Nf2 Nge7 27. Kg2 f5
28. exf6 gxf6 29. Kg3 Rh8 30. Ne1 Bg7 31. Rh1 Rxh1 32. Nxh1 Kd7 33. Nf2 f5 34.
g5 Nxd4 35. Rxc8 Nxc8 36. Kh4 Nc6 37. Nfd3 N8e7 38. Kh5 Ke8 39. Nf3 Kf8 40. Bf2
Kf7 41. g6+ Ke8 42. Ng5 Kd7 43. Bh4 Ng8 44. Nf7 Ke8 45. Bg5 Kf8 46. Nd6 Nf6+
47. Bxf6 Bxf6 48. Kh6 Kg8 49. Ne8 Bd4 50. Ne5 Bxe5 51. fxe5 Ne7 52. Nf6+ Kf8
53. Nd7+ Ke8 54. Nf6+ Kf8 55. Nh7+ Kg8 56. Nf6+ 1/2-1/2

[Event "Ct. Catalunya eq DH"]
[Site "?"]
[Date "2012.03.17"]
[Round "8.4"]
[White "Gutierrez Clares, J."]
[Black "Vidarte Morales, A."]
[Result "1/2-1/2"]
[WhiteElo "2313"]
[BlackElo "2400"]
[PlyCount "51"]
[EventDate "2012.??.??"]
[EventType "team"]
[EventRounds "11"]

1. d4 f5 2. Bg5 Nf6 3. Bxf6 exf6 4. e3 g6 5. h4 h5 6. Bd3 Nc6 7. Ne2 Bh6 8.
Nbc3 d5 9. g3 Ne7 10. Nf4 Bxf4 11. exf4 c6 12. Qe2 Kf7 13. O-O Re8 14. Nd1 Be6
15. Ne3 Nc8 16. c3 Nd6 17. Qc2 Kg7 18. f3 Re7 19. Rf2 Qc7 20. Re1 Rae8 21. Rfe2
Bf7 22. Nf1 Nc4 23. b3 Nd6 24. Rxe7 Rxe7 25. Rxe7 Qxe7 26. Kf2 1/2-1/2

[Event "Ct. Catalunya eq DH"]
[Site "?"]
[Date "2012.03.17"]
[Round "8.4"]
[White "Hernando Rodrigo, JA."]
[Black "Vives Esmerat, J."]
[Result "1-0"]
[WhiteElo "2385"]
[BlackElo "2360"]
[PlyCount "57"]
[EventDate "2012.??.??"]
[EventType "team"]
[EventRounds "11"]

1. d4 g6 2. g3 Bg7 3. Bg2 d6 4. Nf3 Nc6 5. O-O e5 6. dxe5 dxe5 7. Qxd8+ Nxd8 8.
Nc3 h6 9. Ne1 Ne7 10. f4 exf4 11. Bxf4 Ne6 12. Nb5 c6 13. Nd6+ Kf8 14. Bxh6 f5
15. Bxg7+ Kxg7 16. e4 Ng5 17. h4 Nf7 18. Nxf7 Kxf7 19. exf5 gxf5 20. Nf3 Ng6
21. Ng5+ Kg7 22. Bh3 Kf6 23. Ne4+ Ke5 24. Nc5 Ne7 25. Rad1 Nd5 26. c4 Nc7 27.
Nd7+ Ke6 28. Rfe1+ Kf7 29. Rd6 1-0

[Event "Ct. Catalunya eq DH"]
[Site "?"]
[Date "2012.03.17"]
[Round "8.5"]
[White "Asis Gargatagli, H."]
[Black "Granados Gomez, M."]
[Result "1-0"]
[WhiteElo "2496"]
[BlackElo "2421"]
[PlyCount "65"]
[EventDate "2012.??.??"]
[EventType "team"]
[EventRounds "11"]

1. e4 e5 2. Nf3 Nc6 3. Bc4 Nf6 4. d3 Be7 5. O-O O-O 6. Bb3 d6 7. c3 Na5 8. Bc2
c5 9. a3 Nc6 10. b4 a6 11. Re1 h6 12. Nbd2 Re8 13. h3 Bf8 14. Nb3 cxb4 15. axb4
Bd7 16. Bd2 d5 17. exd5 Nxd5 18. Na5 Qc7 19. Bb3 Nf4 20. Nxc6 Bxc6 21. d4 exd4
22. Rxe8 Rxe8 23. Nxd4 Re4 24. Nxc6 Qxc6 25. Qf3 Bd6 26. b5 Qe8 27. bxa6 bxa6
28. Rxa6 Qe5 29. Ra8+ Bf8 30. g3 Ne6 31. Re8 Ng5 32. Bxf7+ Kh7 33. Bxg5 1-0

[Event "Ct. Catalunya eq DH"]
[Site "?"]
[Date "2012.03.17"]
[Round "8.5"]
[White "Gomez Jurado, LA."]
[Black "Fernandez Madrid, C."]
[Result "1-0"]
[WhiteElo "2356"]
[BlackElo "2290"]
[PlyCount "69"]
[EventDate "2012.??.??"]
[EventType "team"]
[EventRounds "11"]

1. c4 g6 2. g3 Bg7 3. Bg2 c5 4. Nc3 Nh6 5. h4 Nf5 6. h5 Nc6 7. g4 Nfd4 8. e3
Ne6 9. h6 Bxc3 10. bxc3 Ne5 11. Qe2 d5 12. cxd5 Nc7 13. c4 Bxg4 14. f3 Bh5 15.
Bb2 Qd6 16. Rxh5 gxh5 17. f4 Ng6 18. Bxh8 Nxh8 19. Qxh5 O-O-O 20. Ne2 Qa6 21.
Nc3 Qxc4 22. Rb1 Qa6 23. Qf5+ e6 24. dxe6 fxe6 25. Qxh7 b5 26. Qe7 b4 27. Bf1
Qc6 28. Ne2 Ng6 29. Qg5 Nh8 30. Rc1 Nd5 31. Nd4 Qd6 32. Rxc5+ Nc7 33. Rc6 Qd5
34. Qxd5 Rxd5 35. Nxe6 1-0

[Event "Ct. Catalunya eq DH"]
[Site "?"]
[Date "2012.??.??"]
[Round "8.5"]
[White "Grafl, F."]
[Black "Lariño Nieto, D."]
[Result "0-1"]
[WhiteElo "2423"]
[BlackElo "2493"]
[PlyCount "64"]
[EventDate "2012.??.??"]
[EventType "team"]
[EventRounds "11"]

1. e4 e6 2. Nc3 d5 3. Nf3 Bb4 4. e5 Ne7 5. Ne2 c5 6. a3 Ba5 7. b4 cxb4 8. axb4
Bxb4 9. c3 Ba5 10. Ba3 Nbc6 11. Ng3 O-O 12. Bd3 f6 13. exf6 gxf6 14. O-O Rf7
15. Nh4 Ne5 16. Be2 N7g6 17. f4 Nc4 18. Bxc4 dxc4 19. f5 Nxh4 20. Qg4+ Kh8 21.
Qxh4 b5 22. Ne4 Bb6+ 23. Kh1 e5 24. Nd6 Rd7 25. Qe4 Rb8 26. Qd5 Bb7 27. Qe6 Kg7
28. Nxb7 Rbxb7 29. Rf3 Kh8 30. Rg3 Rg7 31. Rxg7 Rxg7 32. Rd1 Qa8 0-1

[Event "Ct. Catalunya eq DH"]
[Site "?"]
[Date "2012.03.17"]
[Round "8.6"]
[White "Bruned Segura, M."]
[Black "Perpinya Rofes, LM."]
[Result "0-1"]
[WhiteElo "2151"]
[BlackElo "2385"]
[PlyCount "80"]
[EventDate "2012.??.??"]
[EventType "team"]
[EventRounds "11"]

1. e4 c5 2. Nf3 Nc6 3. c3 Nf6 4. e5 Nd5 5. d4 cxd4 6. cxd4 d6 7. Bc4 Nb6 8. Bb5
dxe5 9. Nxe5 Bd7 10. Nxd7 Qxd7 11. Nc3 Rd8 12. Be3 e6 13. O-O Be7 14. Qg4 O-O
15. Rad1 Nd5 16. Bh6 Bf6 17. Ne4 Qe7 18. Nxf6+ Qxf6 19. Bg5 Qg6 20. Bd3 f5 21.
Qh4 Nxd4 22. Be4 Nf6 23. Bxf6 Qxf6 24. Qxf6 Rxf6 25. Bd3 e5 26. f3 Rfd6 27. Kf2
Kf7 28. Rd2 Kf6 29. Bb1 Ne6 30. Rxd6 Rxd6 31. Ke1 g5 32. Rf2 h5 33. g3 Nd4 34.
Bd3 g4 35. fxg4 hxg4 36. Be4 Rd7 37. Bh1 e4 38. Kd2 Nf3+ 39. Ke3 Rd3+ 40. Kf4
Ng5 0-1

[Event "Ct. Catalunya eq DH"]
[Site "?"]
[Date "2012.03.17"]
[Round "8.6"]
[White "Fernandez Cazorla, A."]
[Black "Casanellas Ruano, L."]
[Result "1/2-1/2"]
[WhiteElo "2325"]
[BlackElo "2316"]
[PlyCount "90"]
[EventDate "2012.??.??"]
[EventType "team"]
[EventRounds "11"]

1. e4 c6 2. d4 d5 3. e5 Bf5 4. Nf3 e6 5. Be2 c5 6. O-O Nc6 7. Be3 cxd4 8. Nxd4
Nxd4 9. Bxd4 Ne7 10. g4 Bg6 11. f4 h5 12. gxh5 Bf5 13. Nc3 Nc6 14. Nb5 a6 15.
Nd6+ Bxd6 16. exd6 Bxc2 17. Qxc2 Nxd4 18. Qa4+ Nc6 19. Qa3 Qd7 20. Rac1 Rd8 21.
Qg3 Kf8 22. Qh4 Qxd6 23. Bxa6 Ne7 24. Bd3 Ra8 25. a3 Ng8 26. Rc2 Nf6 27. Be2
Rd8 28. Rfc1 d4 29. Rc8 d3 30. Bf3 d2 31. Rxd8+ Qxd8 32. Rd1 Qd4+ 33. Qf2 Qxf2+
34. Kxf2 Nxh5 35. Rxd2 Ke7 36. Rd4 Nf6 37. Kg3 b6 38. b4 Rc8 39. b5 Rc3 40. Ra4
Kd6 41. Kf2 Nd5 42. Ra7 Rc7 43. Ra6 Kc5 44. Bxd5 exd5 45. a4 Re7 1/2-1/2

[Event "Ct. Catalunya eq DH"]
[Site "?"]
[Date "2012.03.17"]
[Round "8.6"]
[White "Moreno Carretero, C."]
[Black "Canal Oliveras, J."]
[Result "1/2-1/2"]
[WhiteElo "2251"]
[BlackElo "2328"]
[PlyCount "102"]
[EventDate "2012.??.??"]
[EventType "team"]
[EventRounds "11"]

1. e4 e5 2. Nf3 Nc6 3. Bb5 a6 4. Ba4 d6 5. d4 b5 6. Bb3 Nxd4 7. Nxd4 exd4 8.
Bd5 Rb8 9. Qxd4 Bd7 10. a4 Nf6 11. O-O Be7 12. axb5 axb5 13. Bf4 Nxd5 14. exd5
O-O 15. Qb4 Qc8 16. Be3 Bf5 17. Bd4 Re8 18. Qc3 b4 19. Qg3 Bf8 20. c3 bxc3 21.
Nxc3 g6 22. Qh4 Bg7 23. Bxg7 Kxg7 24. Qd4+ f6 25. Ra7 Rb7 26. Rxb7 Qxb7 27. g4
Bc2 28. g5 Qxb2 29. gxf6+ Kf7 30. Qd2 Qb4 31. f3 Bf5 32. Re1 Rxe1+ 33. Qxe1
Qd4+ 34. Kg2 Kxf6 35. Qe8 Qe5 36. Qf8+ Kg5 37. Qd8+ Kh5 38. Qxc7 h6 39. Qc4 Qe3
40. Ne2 Qd2 41. Kg3 g5 42. Kf2 Qc2 43. Qxc2 Bxc2 44. Nd4 Ba4 45. Kg3 Kg6 46. f4
gxf4+ 47. Kxf4 Kf6 48. h4 Be8 49. Nf5 Bf7 50. Nxd6 Bxd5 51. Nf5 h5 1/2-1/2

[Event "Ct. Catalunya eq DH"]
[Site "?"]
[Date "2012.03.17"]
[Round "8.6"]
[White "Yepes Martinez, E."]
[Black "Alexandrova, O."]
[Result "0-1"]
[WhiteElo "2331"]
[BlackElo "2433"]
[PlyCount "38"]
[EventDate "2012.??.??"]
[EventType "team"]
[EventRounds "11"]

1. d4 d5 2. Bf4 Nf6 3. e3 c5 4. c3 Nc6 5. Nd2 Bf5 6. Qb3 Qc8 7. dxc5 e6 8. Ngf3
Bxc5 9. Nd4 Bg6 10. N2f3 O-O 11. Nxc6 bxc6 12. Qa4 a5 13. Ne5 Qb7 14. b3 Ne4
15. Nd3 Be7 16. Rc1 f6 17. Be2 Be8 18. c4 Bb4+ 19. Nxb4 axb4 0-1

[Event "Ct. Catalunya eq DH"]
[Site "?"]
[Date "2012.03.17"]
[Round "8.7"]
[White "Armengol Comas, J."]
[Black "Garcia Rubio, JA."]
[Result "1/2-1/2"]
[WhiteElo "2299"]
[BlackElo "2221"]
[PlyCount "64"]
[EventDate "2012.??.??"]
[EventType "team"]
[EventRounds "11"]

1. e4 e6 2. d3 c5 3. g3 Nc6 4. Bg2 g6 5. f4 Bg7 6. Nf3 Nge7 7. O-O b6 8. c3 Bb7
9. Be3 d5 10. e5 Nf5 11. Bf2 h5 12. Na3 Qd7 13. Re1 Bf8 14. Nc2 Be7 15. Rb1 Rb8
16. b4 cxb4 17. cxb4 Rc8 18. h3 Qc7 19. Re2 Qd8 20. b5 Na5 21. Ncd4 Nxd4 22.
Nxd4 Bc5 23. Nc2 Bxf2+ 24. Rxf2 Qe7 25. Nd4 Rc3 26. Ne2 Ra3 27. f5 gxf5 28. Nf4
Qg5 29. Qc1 Ra4 30. Qc2 Ra3 31. Qb2 Ra4 32. Qc2 Ra3 1/2-1/2

[Event "Ct. Catalunya eq DH"]
[Site "?"]
[Date "2012.03.17"]
[Round "8.7"]
[White "Martinez Ramirez, E."]
[Black "Ortiz Lafont, J."]
[Result "1/2-1/2"]
[WhiteElo "2366"]
[BlackElo "2283"]
[PlyCount "38"]
[EventDate "2012.??.??"]
[EventType "team"]
[EventRounds "11"]

1. e4 c6 2. d4 d5 3. Nd2 dxe4 4. Nxe4 Bf5 5. Ng3 Bg6 6. Bc4 e6 7. N1e2 Nf6 8.
O-O Bd6 9. f4 Bf5 10. Nxf5 exf5 11. Ng3 g6 12. Re1+ Kf8 13. b3 Nbd7 14. d5 Bc5+
15. Kh1 Ng4 16. Qe2 Qh4 17. Nf1 Nf2+ 18. Kg1 Nh3+ 19. Kh1 Nf2+ 1/2-1/2

[Event "Ct. Catalunya eq DH"]
[Site "?"]
[Date "2012.??.??"]
[Round "8.7"]
[White "Perez Mañas, B."]
[Black "Aloma Vidal, R."]
[Result "1-0"]
[WhiteElo "2353"]
[BlackElo "2497"]
[PlyCount "115"]
[EventDate "2012.??.??"]
[EventType "team"]
[EventRounds "11"]

1. d4 Nf6 2. c4 e6 3. Nf3 d5 4. Nc3 dxc4 5. e3 a6 6. Bxc4 b5 7. Be2 Bb7 8. O-O
Nbd7 9. a4 b4 10. Nb1 Be7 11. a5 O-O 12. Nbd2 c5 13. Nc4 Rc8 14. Nfe5 cxd4 15.
exd4 h6 16. Nxd7 Nxd7 17. Bf4 Re8 18. Qd2 Bf8 19. Nd6 Bxd6 20. Bxd6 Qg5 21.
Qxg5 hxg5 22. Rfc1 b3 23. f3 Nf6 24. Be5 Red8 25. Bc4 g4 26. f4 Nd7 27. Bxb3
Nxe5 28. dxe5 Rb8 29. Rd1 Rdc8 30. Rd2 Ba8 31. Bd1 Rb4 32. g3 g5 33. Ra4 Rxa4
34. Bxa4 Kg7 35. Rd4 Rc1+ 36. Kf2 Rh1 37. fxg5 Rxh2+ 38. Ke3 Rxb2 39. Rxg4 Ra2
40. Rf4 Kg6 41. Be8 Rxa5 42. Rxf7 Kxg5 43. Rg7+ Kh6 44. Rg6+ Kh7 45. Rxe6 Kg7
46. Kf4 Bg2 47. Bh5 Ra3 48. g4 Rf3+ 49. Kg5 Re3 50. Bg6 Bd5 51. Re7+ Kf8 52.
Kf6 Rf3+ 53. Bf5 Rb3 54. Rd7 Bc6 55. Rd8+ Be8 56. e6 Rb7 57. Bg6 Re7 58. Rxe8+
1-0

[Event "Ct. Catalunya eq DH"]
[Site "?"]
[Date "2012.03.17"]
[Round "8.7"]
[White "Pijuan Herranz, M."]
[Black "Castellet Giralt, G."]
[Result "1/2-1/2"]
[WhiteElo "2302"]
[BlackElo "2311"]
[PlyCount "81"]
[EventDate "2012.??.??"]
[EventType "team"]
[EventRounds "11"]

1. d4 Nf6 2. Nf3 c5 3. c4 cxd4 4. Nxd4 b6 5. f3 Bb7 6. e4 Nc6 7. Nc3 g6 8. Be3
Bg7 9. Qd2 O-O 10. Be2 Nh5 11. Nc2 d6 12. Bh6 e5 13. O-O-O Bxh6 14. Qxh6 Nf4
15. h4 f6 16. g3 Nxe2+ 17. Nxe2 Ne7 18. Qd2 Rc8 19. Ne3 Ba6 20. Qxd6 Qxd6 21.
Rxd6 Bxc4 22. Nxc4 Rxc4+ 23. Kb1 Rc7 24. h5 gxh5 25. Rxh5 Kg7 26. Nc3 Rfc8 27.
Rd1 h6 28. Rdh1 Ng8 29. f4 Rc5 30. Nd5 exf4 31. gxf4 Re8 32. Rg1+ Kf7 33. b4
Rc4 34. e5 Rd4 35. exf6 Nxf6 36. Nxf6 Rxb4+ 37. Kc2 Kxf6 38. Rxh6+ Kf5 39. Rh5+
Kf6 40. Rh6+ Kf5 41. Rh5+ 1/2-1/2

[Event "Ct. Catalunya eq DH"]
[Site "?"]
[Date "2012.03.17"]
[Round "8.7"]
[White "Rahal, M."]
[Black "Quintas Galeano, L."]
[Result "1-0"]
[WhiteElo "2339"]
[BlackElo "2166"]
[PlyCount "75"]
[EventDate "2012.??.??"]
[EventType "team"]
[EventRounds "11"]

1. e4 c6 2. d4 d5 3. Nc3 dxe4 4. Nxe4 Bf5 5. Ng3 Bg6 6. Bc4 e6 7. N1e2 Bd6 8.
h4 h6 9. Nf4 Bxf4 10. Bxf4 Nf6 11. h5 Bh7 12. Qe2 Nbd7 13. O-O-O O-O 14. Bd3
Bxd3 15. Rxd3 a5 16. Kb1 b5 17. Ne4 Nxe4 18. Qxe4 Nf6 19. Qe2 Nd5 20. Bd2 b4
21. g4 Qe7 22. f4 a4 23. g5 b3 24. cxb3 a3 25. gxh6 gxh6 26. f5 axb2 27. Bxh6
Qf6 28. Rg1+ Kh7 29. Bxf8 Rxf8 30. Qe5 Qxe5 31. dxe5 exf5 32. h6 Re8 33. Rg7+
Kxh6 34. Rg1 Nf4 35. Rf3 Ng6 36. Rxf5 Kg7 37. Kxb2 Kf8 38. Rxg6 1-0

[Event "Ct. Catalunya eq DH"]
[Site "?"]
[Date "2012.03.17"]
[Round "8.7"]
[White "Rodriguez Vargas, O."]
[Black "Garrido Fernandez, D."]
[Result "1/2-1/2"]
[WhiteElo "2420"]
[BlackElo "2335"]
[PlyCount "96"]
[EventDate "2012.??.??"]
[EventType "team"]
[EventRounds "11"]

1. Nf3 f5 2. g3 Nf6 3. Bg2 g6 4. b3 Bg7 5. Bb2 d6 6. d4 O-O 7. O-O Ne4 8. c4 c5
9. Nbd2 Nc6 10. e3 e6 11. Qe2 Qe7 12. Rfd1 Bd7 13. a3 Rad8 14. b4 cxb4 15. axb4
Nxb4 16. Rxa7 Bc6 17. Nb3 Ra8 18. Rda1 Rxa7 19. Rxa7 Qc7 20. Ra3 Rc8 21. Ne1
Bd7 22. f3 Nf6 23. Qd2 Na6 24. Bf1 Bh6 25. Kf2 g5 26. Bd3 g4 27. f4 Bg7 28. Qa5
Qxa5 29. Nxa5 Nb4 30. Bb1 b6 31. Nb7 Ne8 32. Rb3 Rxc4 33. Ba3 Nd5 34. Nxd6 Nxd6
35. Bxd6 Ba4 36. Ra3 b5 37. Ba2 Rc1 38. Bxd5 exd5 39. Ra2 Kf7 40. Ba3 Rc3 41.
Ke2 Bf6 42. Kd2 Rb3 43. Nd3 Rb1 44. Nc5 Rh1 45. Kc3 Re1 46. Kd2 Rh1 47. Kc3 Re1
48. Kd2 Rh1 1/2-1/2

[Event "Ct. Catalunya eq DH"]
[Site "?"]
[Date "2012.03.17"]
[Round "8.8"]
[White "Codina Garcia, J."]
[Black "Colon Garcia, E."]
[Result "1/2-1/2"]
[WhiteElo "2130"]
[BlackElo "2308"]
[PlyCount "83"]
[EventDate "2012.??.??"]
[EventType "team"]
[EventRounds "11"]

1. Nf3 Nf6 2. b3 d6 3. g3 e5 4. d3 g6 5. Bb2 Bg7 6. Bg2 O-O 7. O-O Ne8 8. e4 f5
9. Nbd2 Nc6 10. Nc4 Be6 11. exf5 gxf5 12. Rb1 Kh8 13. Re1 Bg8 14. Qd2 Bf6 15.
Na5 Nxa5 16. Qxa5 Qd7 17. Qd2 c6 18. Re2 Ng7 19. Rbe1 Rae8 20. Ng5 Qd8 21. Nh3
Ne6 22. f4 Nd4 23. Bxd4 exd4 24. Kh1 Rxe2 25. Rxe2 Re8 26. Qe1 Rxe2 27. Qxe2
Qa5 28. a4 Qc3 29. Ng5 h6 30. Nf3 b5 31. h3 bxa4 32. bxa4 Qa1+ 33. Kh2 Qxa4 34.
Nh4 Bxh4 35. gxh4 Bf7 36. Qe7 Kg8 37. Qd8+ Kh7 38. Qd7 Kg7 39. Qxd6 Qxc2 40.
Qxd4+ Kg8 41. Qd8+ Kg7 42. Qd4+ 1/2-1/2